000 01046nam a22002417a 4500
003 BUBTL
008 231129b ||||| |||| 00| 0 eng d
020 _a9789849120766
041 _aben
082 _a 328.5492/ H2733n/ 2019
100 _aহাসিনা, শেখ
_93866
245 _aনবম জাতীয় সংসদ প্রধানমন্ত্রীর প্রশ্নোত্তর পঞ্চম খন্ড [২০০৯-২০১৩] /
_cশেখ হাসিনা
250 _aIst ed.
260 _aBangladesh :
_bGourob Prokashon,
_cc2019
300 _a280 p.:
_c23 cm.
505 _aনবম জাতীয় সংসদ প্রধানমন্ত্রীর প্রশ্নোত্তর পঞ্চম খন্ড [২০০৯-২০১৩] , শেখ হাসিনা , রাজনীতি
526 _aAll Programs
650 0 _95592
_aPolitical Science
700 _a
_95611
856 _k0
_l0
_yDownload
942 _2ddc
_cBK
999 _c7177
_d7177